| 000 | 00825cam a2200217 4500 | ||
|---|---|---|---|
| 001 | WB3745-09 | ||
| 008 | 011128n2001 000 0 eng u | ||
| 035 | _a(Sirsi) u115771 | ||
| 245 | _aGreater weighting for property | ||
| 260 | _c2001 | ||
| 490 |
_aEstates Gazette _v(0147) 24 November 2001, 52(1) |
||
| 520 | _aProperty fund managers want greater weighting for property and are calling on institutions to review their asset allocation policies in light of property's recent outperformance and unstable equity markets. | ||
| 590 | _aWB | ||
| 650 | _aPROPERTY FUND MANAGERS | ||
| 650 | _aINSTITUTIONAL PROPERTY | ||
| 650 | _aINSTITUTIONAL INVESTMENT | ||
| 650 | _aASSET ALLOCATION | ||
| 650 | _aEQUITY MARKETS | ||
| 690 | _aPROPERTY-COMMERCIAL PROPERTY-COMMERCIAL PROPERTY FINANCE AND INVESTMENT | ||
| 942 | _n0 | ||
| 999 |
_c68955 _d68955 |
||